• 首页
  • 本馆介绍
  • 公告通知
  • 最新文献
  • 馆藏检索
  • 电子资源
  • 读者导购
  • 参考咨询
  • 我的图书馆
  • 登录
  • 详细信息显示
  • 放入我的书架
  • 预约/预借图书
  • 作者相关作品
  • 分类相关作品
  • 丛书相关作品
  • 出版社相关作品

书目信息

  • 表格格式
  • 工作单格式
  • 卡片格式
题名:
环境污染型工程投资项目的风险媒介化问题与社会韧性治理现代化
    
 
作者: 张长征 , 黄德春 , 贺正齐 著
分册:  
出版信息: 北京   光明日报出版社  2020.4
页数: 243页
开本: 24cm
丛书名: 博士生导师学术文库
单 册:
中图分类: X506
科图分类:
主题词: 环境污染--污染控制--工程项目管理--风险管理--研究
电子资源:
ISBN: 978-7-5194-5283-4
000 01419nam0 2200289 45
001 012001001323
005 20140913143226.0
010    @a978-7-5194-5283-4@b精装@dCNY93.00
100    @a20200522d2020 em y0chiy50 ea
101 0  @achi
102    @aCN@b110000
105    @ay z 000yy
106    @ar
200 1  @a环境污染型工程投资项目的风险媒介化问题与社会韧性治理现代化@Ahuan jing wu ran xing gong cheng tou zi xiang mu di feng xian mei jie hua wen ti yu she hui ren xing zhi li xian dai hua@b专著@f张长征, 黄德春, 贺正齐著
210    @a北京@c光明日报出版社@d2020.4
215    @a243页@d24cm
225 1  @a博士生导师学术文库
300    @a光明版
330    @a本书围绕环境污染型工程投资项目的社会稳定风险媒介化和传播扩散实践问题,运用社会网络、风险社会放大等理论,探索环境污染型工程投资项目的社会稳定风险放大机理和传播、扩散规律及过程,总结环境污染型工程投资项目的社会稳定风险治理特殊性,提出了环境污染型工程投资项目的社会稳定风险韧性治理模式及其治理机制框架。本书研究完善环境污染型工程项目社会稳定风险相关研究的理论体系,为我国环境污染型工程项目管理以及社会稳定风险治理提供实践思路和操作方案。
461  0 @12001 @a博士生导师学术文库
606 0  @a环境污染@x污染控制@x工程项目管理@x风险管理@x研究
690    @aX506@v5
701  0 @a张长征@Azhang chang zheng@4著
701  0 @a黄德春@Ahuang de chun@4著
701  0 @a贺正齐@Ahe zheng qi@4著
801  0 @aCN@bBJSDL@c20211011
905    @b1333924-7@dX506@e251@f4
    
    环境污染型工程投资项目的风险媒介化问题与社会韧性治理现代化/张长征, 黄德春, 贺正齐著.-北京:光明日报出版社,2020.4
    243页;24cm.-(博士生导师学术文库)
    光明版
    
    ISBN 978-7-5194-5283-4(精装):CNY93.00
    本书围绕环境污染型工程投资项目的社会稳定风险媒介化和传播扩散实践问题,运用社会网络、风险社会放大等理论,探索环境污染型工程投资项目的社会稳定风险放大机理和传播、扩散规律及过程,总结环境污染型工程投资项目的社会稳定风险治理特殊性,提出了环境污染型工程投资项目的社会稳定风险韧性治理模式及其治理机制框架。本书研究完善环境污染型工程项目社会稳定风险相关研究的理论体系,为我国环境污染型工程项目管理以及社会稳定风险治理提供实践思路和操作方案。
●
相关链接 在E读中查询图书 在五车中查询图书 在当当中查询图书 在豆瓣中查询图书


正题名:环境污染型工程投资项目的风险媒介化问题与社会韧性治理现代化     索取号:X506/251         预约/预借

序号 登录号 条形码 馆藏地/架位号 状态 备注
1 1333924   213339243   第二样本阅览室/ [索取号:X506/251] 在馆    
2 1333925   213339252   第三借阅区/ [索取号:X506/251] 在馆    
3 1333926   213339261   第三借阅区/ [索取号:X506/251] 在馆    
4 1333927   213339270   第三借阅区/ [索取号:X506/251] 在馆    
唐山师范学院图书馆 欢迎您!
大连网信软件有限公司© 版权所有